000 00399nam a22001697a 4500
005 20260413112943.0
008 160628b xxu||||| |||| 00| 0 eng d
020 _a0-14-302805-7
041 _aeng
082 _a891.443
100 _aMajumdar, Gopa
_93053
245 _aThe Best of Styasit Ray
260 _bPenguin India
_c2001
300 _a301
650 _aBengali fiction
_98968
942 _cBK
999 _c4431
_d4430